Deutsche Rechtsgeschichte (Record no. 140458)

MARC details
000 -LEADER
campo de control de longitud fija 00684nam a2200205 4500
001 - NÚMERO DE CONTROL
campo de control 140458
003 - IDENTIFICADOR DE NÚMERO DE CONTROL
campo de control ES-MaACL
005 - FECHA Y HORA DE LA ÚLTIMA TRANSACCIÓN
campo de control 20251223063020.0
007 - CAMPO FIJO DE DESCRIPCIÓN FÍSICA--INFORMACIÓN GENERAL
campo de control de longitud fija t|
008 - DATOS DE LONGITUD FIJA--INFORMACIÓN GENERAL
campo de control de longitud fija 070214s1915 gw r ||||1| ger d
100 0# - ENTRADA PRINCIPAL--NOMBRE DE PERSONA
Nombre de persona Schwerin, Claudius von
9 (RLIN) 104909
245 10 - MENCIÓN DEL TÍTULO
Título Deutsche Rechtsgeschichte
Resto del título : mit Ausschluss der Verfassungsgeschichte /
Mención de responsabilidad, etc. Claudins von Schwerin.
250 ## - MENCION DE EDICION
Mención de edición 2ª. ed.
260 ## - PUBLICACIÓN, DISTRIBUCIÓN, ETC.
Lugar de publicación, distribución, etc. Leipzig :
Nombre del editor, distribuidor, etc. B.G. Teubner,
Fecha de publicación, distribución, etc. 1915.
300 ## - DESCRIPCIÓN FÍSICA
Extensión 199 p. ;
Dimensiones 26 cm.
490 1# - MENCIÓN DE SERIE
Mención de serie Grundriss der Geschichtnvissenschaft Reihe II ;
Designación de volumen o secuencia 5
830 0# - PUNTO DE ACCESO ADICIONAL DE SERIE-TÍTULO UNIFORME
Título uniforme Grundriss der Geschichtnvissenschaft Reihe II ;
Designación de volumen o secuencia 5
9 (RLIN) 220329
852 ## - LOCALIZACIÓN
Ubicación ES-MaACL
Número de control de estantería G-15712
Holdings
Estatus retirado Estado de pérdida Estado de daño No para préstamo Biblioteca de origen Biblioteca actual Ubicación en estantería Fecha de adquisición Fuente de adquisición Total de préstamos Signatura topográfica completa Código de barras Visto por última vez Precio de reemplazo Tipo de ítem Koha
        Biblioteca del Ateneo de Madrid Biblioteca del Ateneo de Madrid Sala Pecera Planta 3 17/01/2008     G-15712 1146165 23/02/2023 23/02/2023 Libro impreso